The bombing of Auschwitz. - New York : St. Martin's Press. - 2000 [Rezension]
| Titel: | The bombing of Auschwitz. - New York : St. Martin's Press. - 2000 [Rezension] |
|---|---|
| Verfasser: | |
| In: |
Journal of genocide research, Band 8, Heft 3 (2006), Seite 367-370 alle Artikel anzeigen |
| Veröffentlicht: | 2006 |
| Format: | Aufsatz |
| Sprache: | Englisch |
X
alg: 39493014 001A $01999:12-11-16 001B $01999:04-08-21 $t20:59:37.000 001D $01999:12-11-16 001U $0utf8 001X $00 002@ $0Aox 003@ $0394930142 007A $0394930142 $aHEB 007T $0Herdc0027380m 010@ $aeng 011@ $a2006 021A $aThe @bombing of Auschwitz. - New York : St. Martin's Press. - 2000 [Rezension] 028A $aBaum $dRob 031A $d8 $e3 $h367-370 $j2006 039B $aIn $8--Abvc--. Journal of genocide research. - Abingdon, Oxfordshire : Routledge, 1999-. - ISSN 1462-3528 $x200600000080003633 $9071389202 039T $8--Aay--. The @bombing of Auschwitz. - 1. ed.. - New York : St. Martin's Press, 2000. - xvii, 350 S.. - Ill., graph. Darst.. - ISBN 0-312-19838-8 $909328943X 045F $a900.9438 $eDDC23BSB 045F/01 $a900 045F/03 $g438 045T $aJUDAICA $qDE-30 $2FID 045T $a7,7 $a8 lok: 39493014 78 exp: 39493014 78 1 #EPN 201B/01 $018-11-16 $t13:10:39.000 201U/01 $0utf8 203@/01 $079122872X 208@/01 $a12-11-16 $be 209A/01 $a/ $f000 $x00 220C/01 $aTitelaufnehmer: pg 244Z/01 $2Trx $#Poola $#Lenkija $#Polija $#Polen Land $#Poland $#Lengyelország $#Poľsko $#Polsko $8--Trx--Polska$gkraj $x01 $9391345966 244Z/01 $2Trx $#arvustused $#recenzijos $#Reviews $#recenziók $#recenzje $#recenzie $#recenze $8--Trx--Rezensionen $x02 $9391357441 247C/01 $82080>Marburg/Lahn, Herder-Institut, Forschungsbibliothek, Bibliographieportal $9336309341
| LEADER | 00000caa a22000002c 4500 | ||
|---|---|---|---|
| 001 | 394930142 | ||
| 003 | DE-603 | ||
| 005 | 20210804205937.0 | ||
| 007 | tu | ||
| 008 | 161112s2006 xx |||| | u00||u|eng c | ||
| 035 | |a (DE-599)HEB394930142 | ||
| 040 | |a DE-603 |b ger |c DE-603 |d DE-603 | ||
| 041 | |a eng | ||
| 082 | 0 | 4 | |8 1\u |a 900.9438 |q DE-101 |2 23/BSB |
| 084 | |a JUDAICA |q DE-30 |2 fid | ||
| 084 | |a 7,7 |a 8 |2 ssgn | ||
| 085 | |8 1\u |b 900 | ||
| 085 | |8 1\u |z 2 |s 438 | ||
| 100 | 1 | |a Baum, Rob | |
| 245 | 0 | 0 | |a The bombing of Auschwitz. - New York : St. Martin's Press. - 2000 [Rezension] |
| 264 | 0 | |c 2006 | |
| 773 | 0 | 8 | |i In |t Journal of genocide research |d Abingdon, Oxfordshire : Routledge, 1999- |x 1462-3528 |g Band 8, Heft 3 (2006), Seite 367-370 |w (DE-603)071389202 |w (DE-600)1452128-3 |
| 787 | 0 | 8 | |i Rezension von |t The bombing of Auschwitz |b 1. ed. |d New York : St. Martin's Press, 2000 |h xvii, 350 S., Ill., graph. Darst. |z 0312198388 |w (DE-603)09328943X |
| 924 | 0 | |9 2080 |a (DE-603)79122872X |b DE-2080 |c HES |d d |g / | |


